000 01252nam a22003134a 4500
001 528
003 BR-RjBN
005 20260528133343.0
008 170101s2017 sp j 000 f por d
020 _a9788595200463
040 _bpor
_aBR-IBIA
_cBR-IBIA
_erda
041 1 _apor
082 _a028.5
_bO51n
100 1 _aOlmedo, Jessica,
_d1994-
245 1 0 _aNascimento de Jesus :
_bnasce o salvador /
_ctexto e ilustração Jessica Olmedo.
250 _a1. ed.
260 _aSão Paulo :
_bPé da Letra,
_c2017.
300 _a12 p. :
_bil. color. ;
_c30 cm.
490 1 _aClássicos bíblicos
520 _aLivro infantojuvenil que narra o nascimento de Jesus de forma simples e ilustrada. A obra apresenta a história bíblica de Maria e José, destacando a fé, o amor e a importância do nascimento de Cristo. Com ilustrações coloridas e linguagem acessível, busca aproximar as crianças dos ensinamentos bíblicos e valores cristãos.
650 0 _aLiteratura infantojuvenil brasileira.
650 0 _aHistórias bíblicas.
650 0 _aNascimento de Jesus Cristo.
650 0 _aLiteratura cristã infantil.
655 0 _aLiteratura infantil.
655 0 _aFicção religiosa.
700 1 _aHune, Beatriz,
_erev.
942 _2ddc
_n0
_cBK
999 _c528
_d528